Les Formes diferenciades de gestió dels serveis i les activitats municipals / Joan Colomar Albajar. El règim econòmico-financer dels organismes i les empreses municipals de gestió / Emili Mas Margarit
ISBN:
84-7794-229-3
Descripción Física:
51 p. ; 30 cm
Colección:
Papers de gestió ; 8
Otros Autores:
Mas Margarit, Emili
MARC
| LEADER | 00000nam a2200000Ia 4500 | ||
|---|---|---|---|
| 001 | 10328 | ||
| 008 | 160829s1993 xx 000 0 cat d | ||
| 020 | |a 84-7794-229-3 | ||
| 080 | |a M-3-137 | ||
| 100 | |a Colomar Albajar, Joan |9 1006 | ||
| 245 | |a Les Formes diferenciades de gestió dels serveis i les activitats municipals / Joan Colomar Albajar. El règim econòmico-financer dels organismes i les empreses municipals de gestió / Emili Mas Margarit | ||
| 260 | |a Barcelona : |b Diputació de Barcelona. Servei d'Acció Local, |c 1993 | ||
| 300 | |a 51 p. ; |c 30 cm | ||
| 490 | |a Papers de gestió ; 8 | ||
| 590 | |a Títol a la coberta: Programa d'Assessorament Municipal en Gestió d'Obres. | ||
| 650 | |a Serveis municipals |x Catalunya |x Direcció i administració |9 30701 | ||
| 700 | |a Mas Margarit, Emili |9 30702 | ||
| 710 | 1 | |a Barcelona (Catalunya : Província). |b Servei d'Acció Local |9 55536 | |
| 901 | |a Arxiu | ||
| 942 | |n 1 | ||
| 952 | |0 0 |1 0 |4 0 |6 M3137 |7 1 |9 45493 |a Arxiu |b Arxiu |d 2016-12-01 |l 0 |o M-3-137 |p 10328 |r 2016-12-01 00:00:00 |w 2016-12-01 |y ARXIU | ||
| 952 | |0 0 |1 0 |2 udc |4 0 |6 PDL |7 1 |9 63940 |a Arxiu |b Arxiu |d 2022-10-10 |l 0 |o PDL |p 26829 |r 2022-10-10 00:00:00 |w 2022-10-10 |y ARXIU | ||
| 999 | |c 48658 |d 48658 | ||